Vplyv pandémie COVID-19 na ciele Agendy 2030 diplomová práca

Salvato in:
Dettagli Bibliografici
Autore principale: Kaťuch, Patrik
Ente Autore: Podnikovohospodárska fakulta EU so sídlom v Košiciach. Katedra ekonómie a manažmentu
Altri autori: Bosák, Martin, 1967-
Natura: Libro
Lingua:slovacco
Pubblicazione: Košice 2025
Tags: Aggiungi Tag
Nessun Tag, puoi essere il primo ad aggiungerne!!

MARC

LEADER 00000nbm a2200000 4500
001 0309021
005 20260203100545.0
041 0 |a slo 
044 |a SK 
245 1 0 |a Vplyv pandémie COVID-19 na ciele Agendy 2030  |b diplomová práca  |c Patrik Kaťuch ; školiteľ: Martin Bosák 
264 1 |a Košice  |c 2025 
300 |a 79 s. 
100 1 |a Kaťuch, Patrik 
700 1 |a Bosák, Martin, 1967- 
710 2 |a Podnikovohospodárska fakulta EU so sídlom v Košiciach. Katedra ekonómie a manažmentu